Du vrai, du beau & du bien
Збережено в:
| Автор: | |
|---|---|
| Формат: | Книга |
| Мова: | Французька |
| Опубліковано: |
París
Didier
1873
|
| Редагування: | 18a. ed |
| Предмети: | |
| Теги: |
Додати тег
Немає тегів, Будьте першим, хто поставить тег для цього запису!
|
MARC
| LEADER | 00000nam a2200000 a 4500 | ||
|---|---|---|---|
| 001 | UCZ3283 | ||
| 003 | CL-VaPUC | ||
| 008 | 951020e18730000FR |||||||||||||||||fre|d | ||
| 082 | 0 | 4 | |a 170 |b COU |2 21 |
| 100 | |a Cousin, Víctor |e author |9 347056 | ||
| 245 | 1 | 0 | |a Du vrai, du beau & du bien |
| 250 | |a 18a. ed | ||
| 300 | |a 496 p | ||
| 942 | |c BK | ||
| 945 | |d 19951020 00:00:00 |a cmena | ||
| 260 | |a París |b Didier |c 1873 | ||
| 650 | 0 | |a Ética |9 255099 | |
| 650 | 0 | |a Virtud y vicio |9 310637 | |
| 650 | 0 | |a Conceptos morales |9 310606 | |
| 650 | 0 | |a Filosofía francesa |9 255698 | |
| 583 | |a last modification |c 19951020 00:00:00 |k Rodrigo Vera | ||
| 999 | |c 239773 |d 239771 | ||
| 952 | |0 0 |1 0 |4 0 |6 170_000000000000000_COU_1873 |7 0 |8 P |9 251160 |a BIBEDU |b BIBEDU |c BIBEDU_PB |d 2019-11-18 |i 2916762 |o 170 COU 1873 |p 2916762 |r 2024-01-25 |w 2019-11-18 |y BK |k FIL | ||